[Event "POL-chT Region 0607"]
[Site "Poland"]
[Date "2007.02.18"]
[Round "8"]
[White "Wisniewska, Monika"]
[Black "Golunska, Anna"]
[Result "1-0"]
[WhiteElo "1788"]
[BlackElo "1600"]
[PlyCount "63"]
[EventDate "2006.11.12"]
[EventType "team"]
[EventRounds "11"]
[EventCountry "POL"]
[SourceTitle "EXT 2008"]
[Source "ChessBase"]
[SourceDate "2007.11.25"]
[SourceVersion "1"]
[SourceVersionDate "2007.11.25"]
[SourceQuality "1"]

1. c4 c5 2. e4 Nc6 3. Ne2 g6 4. g3 Bg7 5. Bg2 Nf6 6. 0-0 0-0 7. Nbc3 e5 8. d3 d6 9. f4 exf4 10. Nxf4 Ng4 11. Rb1 Bd4+ 12. Kh1 Nf2+ 13. Rxf2 Bxf2 14. Nfd5 f5 15. Bh6 Rf7 16. Ne2 fxe4 17. dxe4 Bg4 18. Qd2 Bxe2 19. Qxe2 Nd4 20. Qg4 Qc8 21. Qh4 Qe6 22. Bh3 Qe5 23. Bg2 b5 24. Bf4 Qe6 25. Rf1 Bxg3 26. hxg3 bxc4 27. Re1 Nc6 28. Bh3 Qe8 29. Nf6+ Rxf6 30. Qxf6 Ne5 31. Be6+ Nf7 32. Bh6 1-0

[Event "POL-chT Region 0607"]
[Site "Poland"]
[Date "2007.01.28"]
[Round "6"]
[White "Golunska, Anna"]
[Black "Wodzynska, Zofia"]
[Result "1-0"]
[WhiteElo "1600"]
[BlackElo "1800"]
[PlyCount "111"]
[EventDate "2006.11.12"]
[EventType "team"]
[EventRounds "11"]
[EventCountry "POL"]
[SourceTitle "EXT 2008"]
[Source "ChessBase"]
[SourceDate "2007.11.25"]
[SourceVersion "1"]
[SourceVersionDate "2007.11.25"]
[SourceQuality "1"]

1. e4 e5 2. Nf3 Nc6 3. d4 exd4 4. c3 dxc3 5. Nxc3 Bc5 6. Bc4 d6 7. Ng5 Ne5 8. Qb3 Qf6 9. 0-0 h6 10. Nd5 Qd8 11. Nf3 Nxc4 12. Qxc4 Be6 13. b4 c6 14. bxc5 cxd5 15. exd5 Bd7 16. Re1+ Kf8 17. cxd6 Rc8 18. Qb3 b6 19. Bb2 Rc5 20. Ne5 Rb5 21. Qf3 Nf6 22. Bd4 Rg8 23. Rac1 Rh8 24. Rc7 Kg8 25. Rxa7 Qe8 26. h3 Kh7 27. Qe3 Nxd5 28. Qd3+ Kg8 29. Rxd7 Ra5 30. Qb3 Qe6 31. Bxb6 Nxb6 32. Qxe6 fxe6 33. Rb7 Nd5 34. d7 Kh7 35. Nf7 Rf8 36. Rxe6 Raa8 37. Rd6 Rxf7 38. Rxd5 Re7 39. Rb2 Rd8 40. Rb7 Re1+ 41. Kh2 Re2 42. a4 Rxf2 43. Rc7 Rff8 44. a5 Rb8 45. Rd2 Kg6 46. a6 Ra8 47. Rd6+ Kh7 48. a7 Rfd8 49. Kg3 Kg8 50. Kf4 Rf8+ 51. Ke5 Rfd8 52. Rdc6 Kh7 53. Rc8 Rdxc8 54. dxc8Q Rxc8 55. Rxc8 Kg6 56. a8Q 1-0

[Event "POL-chT Region 0607"]
[Site "Poland"]
[Date "2006.12.10"]
[Round "4"]
[White "Golunska, Anna"]
[Black "Nawrocka, Agata"]
[Result "0-1"]
[WhiteElo "1600"]
[BlackElo "1600"]
[PlyCount "76"]
[EventDate "2006.11.12"]
[EventType "team"]
[EventRounds "11"]
[EventCountry "POL"]
[SourceTitle "EXT 2008"]
[Source "ChessBase"]
[SourceDate "2007.11.25"]
[SourceVersion "1"]
[SourceVersionDate "2007.11.25"]
[SourceQuality "1"]

1. e4 e5 2. Nf3 Nc6 3. d4 exd4 4. c3 dxc3 5. Nxc3 Bb4 6. Bc4 Qf6 7. Qb3 Bxc3+ 8. bxc3 Na5 9. Qb5 Qxc3+ 10. Ke2 Nxc4 11. Bg5 Qc2+ 12. Kf1 Qd3+ 13. Kg1 h6 14. Bh4 Qc3 15. Re1 c6 16. Qb3 Qxb3 17. axb3 Nd6 18. Bg3 Nb5 19. h3 Ne7 20. Kh2 0-0 21. Nd2 a5 22. Nc4 Ra6 23. e5 Nd4 24. Re3 Nef5 25. Rd3 c5 26. Bf4 g5 27. Bc1 b5 28. Ne3 Nh4 29. Bb2 Re8 30. Ng4 Kg7 31. Bxd4 cxd4 32. Rxd4 Re7 33. f4 Bb7 34. Rg1 Bxg2 35. Rxg2 Nf3+ 36. Kh1 Nxd4 37. fxg5 hxg5 38. Rg3 d6 0-1

[Event "POL-chT Region 0607"]
[Site "Poland"]
[Date "2006.11.19"]
[Round "2"]
[White "Golunska, Anna"]
[Black "Karwowska, Danuta"]
[Result "1-0"]
[WhiteElo "1600"]
[BlackElo "1600"]
[PlyCount "71"]
[EventDate "2006.11.12"]
[EventType "team"]
[EventRounds "11"]
[EventCountry "POL"]
[SourceTitle "EXT 2008"]
[Source "ChessBase"]
[SourceDate "2007.11.25"]
[SourceVersion "1"]
[SourceVersionDate "2007.11.25"]
[SourceQuality "1"]

1. e4 e6 2. d4 d5 3. e5 c5 4. Nf3 Nc6 5. Be3 Qb6 6. b3 Qa5+ 7. Nbd2 Qb4 8. a3 Qc3 9. dxc5 Bxc5 10. Bxc5 Qxc5 11. c4 a5 12. g3 Nge7 13. Bg2 Ng6 14. Qe2 0-0 15. 0-0 b6 16. Rfc1 Nd4 17. Qd3 Nxf3+ 18. Nxf3 Ba6 19. Qd2 Qe7 20. cxd5 Rfd8 21. d6 Qf8 22. Qe3 Rab8 23. Rc6 f6 24. Rxb6 Bb7 25. Bh3 Qf7 26. d7 Bxf3 27. Bxe6 Qxe6 28. Rxe6 Nf8 29. Rd6 Rxd7 30. Qxf3 Rbd8 31. Rxd7 Nxd7 32. Qd5+ Kf8 33. e6 Ke7 34. exd7 Rxd7 35. Qxa5 g6 36. Re1+ 1-0